A glossary of whisky terms

Este documento es un glosario que contiene třminos relacionados con whisky.

Uloženo v:
Podrobná bibliografie
Další autoři: Butler John, University of Edimburgh
Médium: Kniha
Jazyk:angličtina
Témata:
On-line přístup:A glossary of whisky terms
Tagy: Přidat tag
Žádné tagy, Buďte první, kdo vytvoří štítek k tomuto záznamu!

MARC

LEADER 00000nam a22000004a 4500
001 vpro3610
005 20201223000000.0
008 s2010 ck # g## #001 0#eng#d
020
022
040 |a CO-BoINGC 
041 0 |a eng 
245 1 0 |a A glossary of whisky terms 
246 |a Un glosario sobre třminos de whisky 
264 |a Bogot ̀(Colombia) :  |b Revista VirtualPRO,  |c 2010 
520 3 |a Este documento es un glosario que contiene třminos relacionados con whisky. 
650 \ \ |a Bebidas 
650 \ \ |a Bebidas alcohl̤icas 
650 \ \ |a Industria de bebidas 
650 \ \ |a Beverages 
650 \ \ |a Alcoholic beverages 
650 \ \ |a Beverage industry 
650 \ \ |a Whisky 
650 \ \ |a Glosario 
650 \ \ |a Whisky 
650 \ \ |a Glossary  
700 \ \ |a Butler John  
700 \ \ |a University of Edimburgh 
856 |z A glossary of whisky terms  |u https://virtualpro.unach.elogim.com/biblioteca/un-glosario-sobre-terminos-de-whisky